[Event "Mare di Fano op 5th"]
[Site "Fano"]
[Date "2016.08.01"]
[Round "3"]
[White "Sala, Sergio"]
[Black "Tamin, Upi Darmayana"]
[Result "0-1"]
[WhiteElo "1919"]
[BlackElo "2033"]
[PlyCount "64"]
[EventDate "2016.07.30"]
[EventType "swiss"]
[EventRounds "9"]
[EventCountry "ITA"]
[SourceTitle "CBM 173 Extra"]
[Source "ChessBase"]
[SourceDate "2016.08.29"]
[SourceVersion "1"]
[SourceVersionDate "2016.08.29"]
[SourceQuality "1"]

1. e4 c5 2. Nf3 d6 3. d4 cxd4 4. Nxd4 Nf6 5. Nc3 a6 6. Be3 e6 7. f3 b5 8. Qd2 Bb7 9. g4 Nfd7 10. 0-0-0 Nb6 11. Qf2 N8d7 12. Kb1 Rc8 13. Nb3 b4 14. Ne2 Nc4 15. Bf4 Qf6 16. Bc1 Bxe4 17. Ned4 Bd5 18. Bd3 Qd8 19. g5 Be7 20. h4 a5 21. Be4 Bxe4 22. fxe4 Nde5 23. Rhf1 0-0 24. Nf3 a4 25. Nbd4 Qa5 26. Nxe5 dxe5 27. Nf3 b3 28. cxb3 axb3 29. axb3 Ra8 30. bxc4 Qa2+ 31. Kc2 Qxc4+ 32. Kb1 Rfc8 0-1

[Event "Penang op-A 5th"]
[Site "Penang"]
[Date "2013.12.10"]
[Round "2"]
[White "Tamin, Upi Darmayana"]
[Black "Nolte, Rolando"]
[Result "0-1"]
[WhiteElo "2105"]
[BlackElo "2425"]
[PlyCount "91"]
[EventDate "2013.12.09"]
[EventType "swiss"]
[EventRounds "9"]
[EventCountry "MAS"]
[SourceTitle "CBM 157 Extra"]
[Source "ChessBase"]
[SourceDate "2013.12.19"]
[SourceVersion "1"]
[SourceVersionDate "2013.12.19"]
[SourceQuality "1"]

1. e4 c5 2. Nf3 d6 3. d4 cxd4 4. Nxd4 Nf6 5. Nc3 a6 6. Be2 e6 7. 0-0 Qc7 8. a4 Nc6 9. Kh1 Be7 10. f4 0-0 11. Be3 Re8 12. Bf3 Rb8 13. Qe1 Bf8 14. Qg3 Nd7 15. Rad1 Nxd4 16. Bxd4 b5 17. axb5 axb5 18. Rf2 b4 19. Nb1 Bb7 20. c3 Nc5 21. e5 Bxf3 22. Qxf3 Nb3 23. Nd2 Nxd4 24. cxd4 Rbd8 25. Ne4 d5 26. Nd2 Qd7 27. g4 Rc8 28. Nb3 Rc7 29. f5 Rec8 30. Rdf1 Rc2 31. Qd3 Rxf2 32. Rxf2 Rc4 33. Qf3 h6 34. fxe6 Qxe6 35. h3 Be7 36. Kg2 Bh4 37. Re2 Be7 38. Rf2 Rc7 39. Qd3 Qc6 40. Kg3 Qe6 41. Qb5 g6 42. Qd3 Kg7 43. Qf3 Rc8 44. Qd3 h5 45. Qf3 Rh8 46. Rc2 0-1

[Event "Jakarta Indonesia op 3rd"]
[Site "Jakarta"]
[Date "2013.10.16"]
[Round "9"]
[White "Tamin, Upi Darmayana"]
[Black "Purba, Cornelis"]
[Result "0-1"]
[WhiteElo "2151"]
[BlackElo "2193"]
[PlyCount "68"]
[EventDate "2013.10.10"]
[EventType "swiss"]
[EventRounds "11"]
[EventCountry "INA"]
[SourceTitle "CBM 156 Extra"]
[Source "ChessBase"]
[SourceDate "2013.10.22"]
[SourceVersion "1"]
[SourceVersionDate "2013.10.22"]
[SourceQuality "1"]

1. e4 d6 2. d4 Nf6 3. Nc3 c6 4. f4 Qa5 5. Bd3 e5 6. Nf3 Nbd7 7. a3 Be7 8. b4 Qc7 9. 0-0 Ng4 10. Kh1 Bf6 11. dxe5 dxe5 12. f5 h5 13. Qe2 a6 14. Nd1 Be7 15. Bc4 b5 16. Ba2 a5 17. c4 axb4 18. axb4 bxc4 19. Qxc4 0-0 20. b5 Nc5 21. Qc2 Bb7 22. h3 Nf6 23. Bb2 Nfxe4 24. Bxe5 Bd6 25. b6 Qb8 26. Bxd6 Qxd6 27. Re1 Ng3+ 28. Kg1 Nd3 29. Nf2 Nxe1 30. Rxe1 c5 31. Nh4 Rfe8 32. Rd1 Qf6 33. Nf3 Re2 34. Nd2 Qd4 0-1

[Event "Hong Kong-ch op"]
[Site "Hong Kong"]
[Date "2013.10.01"]
[Round "8"]
[White "Lai, Robin"]
[Black "Tamin, Upi Darmayana"]
[Result "1-0"]
[WhiteElo "1932"]
[BlackElo "2151"]
[PlyCount "81"]
[EventDate "2013.09.27"]
[EventType "swiss"]
[EventRounds "9"]
[EventCountry "HKG"]
[SourceTitle "EXT 2015"]
[Source "ChessBase"]
[SourceDate "2014.11.20"]
[SourceVersion "1"]
[SourceVersionDate "2014.11.20"]
[SourceQuality "1"]

1. d4 Nf6 2. Bf4 d6 3. Nf3 g6 4. h3 Bg7 5. e3 0-0 6. Nbd2 Nbd7 7. Bc4 c5 8. c3 a6 9. a4 Qc7 10. 0-0 b6 11. Bg3 Bb7 12. Qe2 Qc6 13. Rfc1 e5 14. b4 e4 15. Ne1 d5 16. b5 Qc8 17. bxa6 Bxa6 18. Bb5 Ne8 19. c4 Qb7 20. Nc2 f5 21. cxd5 Bxb5 22. axb5 Rxa1 23. Rxa1 Qxd5 24. Qc4 Qxc4 25. Nxc4 cxd4 26. exd4 f4 27. Bh4 Bf6 28. Bxf6 Nexf6 29. Nb4 Kf7 30. Ra7 Ke6 31. Rc7 Kf5 32. Nxb6 Nxb6 33. Rc5+ Ke6 34. Rc6+ Kf5 35. Rxb6 e3 36. fxe3 fxe3 37. g4+ Ke4 38. d5 Nxd5 39. Re6+ Kd4 40. Nxd5 Kxd5 41. Rxe3 1-0

[Event "Hong Kong-ch op"]
[Site "Hong Kong"]
[Date "2013.09.28"]
[Round "3"]
[White "Tamin, Upi Darmayana"]
[Black "Lau, Joe Yiu Cho"]
[Result "1-0"]
[WhiteElo "2151"]
[BlackElo "1602"]
[PlyCount "107"]
[EventDate "2013.09.27"]
[EventType "swiss"]
[EventRounds "9"]
[EventCountry "HKG"]
[SourceTitle "EXT 2015"]
[Source "ChessBase"]
[SourceDate "2014.11.20"]
[SourceVersion "1"]
[SourceVersionDate "2014.11.20"]
[SourceQuality "1"]

1. e4 c5 2. Nf3 Nc6 3. d4 cxd4 4. Nxd4 e5 5. Nb5 d6 6. c4 Nf6 7. N1c3 a6 8. Na3 Be7 9. Nc2 h6 10. g3 Bg4 11. f3 Bh5 12. Be3 Qa5 13. Be2 Rd8 14. 0-0 Rd7 15. a3 Qc7 16. Rc1 Na5 17. Nb4 Bd8 18. Ncd5 Nxd5 19. Nxd5 Qb8 20. b4 Nc6 21. b5 axb5 22. cxb5 Ne7 23. b6 Nxd5 24. Qxd5 0-0 25. Bb5 Re7 26. g4 Bg6 27. Rfd1 Re6 28. Bd7 Rf6 29. Rc8 Bxb6 30. Rxb8 Bxe3+ 31. Kg2 Rxb8 32. Rd3 Bc5 33. a4 b6 34. Rb3 Rf8 35. Qb7 Kh7 36. h3 Kg8 37. Kg3 Kh7 38. Bc6 Re6 39. Rxb6 Bxb6 40. Qxb6 f6 41. a5 Re7 42. a6 Be8 43. Bb7 Bf7 44. a7 Ree8 45. Qa6 Rd8 46. a8Q Rxa8 47. Bxa8 Bc4 48. Qxc4 Rxa8 49. Qc6 Rd8 50. Qc7 Rf8 51. Qxd6 Kg8 52. Qe6+ Kh8 53. Qf5 Rb8 54. Kh4 1-0

[Event "Penang op 4th"]
[Site "Penang"]
[Date "2012.12.14"]
[Round "7"]
[White "Tamin, Upi Darmayana"]
[Black "Nguyen, Van Hai"]
[Result "0-1"]
[WhiteElo "2160"]
[BlackElo "2356"]
[PlyCount "96"]
[EventDate "2012.12.11"]
[EventType "swiss"]
[EventRounds "9"]
[EventCountry "MAS"]
[SourceTitle "EXT 2014"]
[Source "ChessBase"]
[SourceDate "2013.11.20"]
[SourceVersion "1"]
[SourceVersionDate "2013.11.20"]
[SourceQuality "1"]

1. e4 e6 2. d4 d5 3. exd5 exd5 4. Bd3 Nc6 5. c3 Bd6 6. Qc2 Nge7 7. Bg5 Be6 8. Nd2 Qd7 9. 0-0-0 0-0-0 10. Ne2 Rde8 11. Bf4 Ng6 12. Bxd6 Qxd6 13. Nb3 b6 14. Kb1 Re7 15. Nbc1 Bd7 16. a3 Na5 17. h4 h6 18. Ng3 Rhe8 19. Nf5 Bxf5 20. Bxf5+ Kb7 21. g3 Nc4 22. Bd3 c6 23. Qb3 Na5 24. Qa4 Nf8 25. Nb3 Nxb3 26. Ba6+ Kb8 27. Qxb3 Ne6 28. Bd3 Nd8 29. c4 Ne6 30. c5 Qd8 31. cxb6 Qxb6 32. Qxb6+ axb6 33. Bf5 Nd8 34. Kc2 Kc7 35. Bd3 Kd6 36. a4 Ra7 37. Ra1 Ne6 38. Kc3 Rea8 39. b3 b5 40. Bc2 c5 41. dxc5+ Nxc5 42. Kb4 bxa4 43. bxa4 Rc8 44. Rhc1 Na6+ 45. Ka3 Rac7 46. Kb2 Rb8+ 47. Bb3 Rxc1 48. Rxc1 Nc5 0-1

[Event "Penang op 4th"]
[Site "Penang"]
[Date "2012.12.12"]
[Round "3"]
[White "Tamin, Upi Darmayana"]
[Black "Tan, Jun Feng"]
[Result "1/2-1/2"]
[WhiteElo "2160"]
[BlackElo "1883"]
[PlyCount "54"]
[EventDate "2012.12.11"]
[EventType "swiss"]
[EventRounds "9"]
[EventCountry "MAS"]
[SourceTitle "EXT 2014"]
[Source "ChessBase"]
[SourceDate "2013.11.20"]
[SourceVersion "1"]
[SourceVersionDate "2013.11.20"]
[SourceQuality "1"]

1. e4 c5 2. Nf3 d6 3. d4 cxd4 4. Nxd4 Nf6 5. Nc3 a6 6. Be2 Qc7 7. 0-0 e6 8. a4 b6 9. f4 Bb7 10. Bf3 Nbd7 11. Kh1 Be7 12. Qe1 Rb8 13. Bd2 Qc5 14. Nb3 Qc4 15. Qe3 0-0 16. Rae1 Rfd8 17. Be2 Qc7 18. Bd3 Nc5 19. Nxc5 bxc5 20. e5 Nd5 21. Nxd5 Bxd5 22. c4 Bc6 23. Bc3 g6 24. exd6 Bxd6 25. Bc2 Bf8 26. Be5 Bd6 27. Bc3 Bf8 1/2-1/2

[Event "Budapest FS08 IM-B"]
[Site "Budapest"]
[Date "2012.08.09"]
[Round "6"]
[White "Cuhendi, Sean Winshand"]
[Black "Tamin, Upi Darmayana"]
[Result "1-0"]
[WhiteElo "2120"]
[BlackElo "2182"]
[PlyCount "79"]
[EventDate "2012.08.04"]
[EventType "tourn"]
[EventRounds "11"]
[EventCountry "HUN"]
[EventCategory "1"]
[SourceTitle "CBM 149 Extra"]
[Source "ChessBase"]
[SourceDate "2012.08.24"]
[SourceVersion "1"]
[SourceVersionDate "2012.08.24"]
[SourceQuality "1"]

1. d4 d5 2. Bf4 Nf6 3. e3 e6 4. Nd2 b6 5. c3 Bb7 6. Ngf3 Be7 7. h4 h6 8. Bd3 Nbd7 9. Ne5 c5 10. Qf3 cxd4 11. exd4 a5 12. Bb5 0-0 13. Nc6 Qe8 14. Nxe7+ Qxe7 15. 0-0-0 a4 16. a3 Ra5 17. Bxd7 Nxd7 18. Qg3 Kh7 19. Bd6 Qd8 20. Bxf8 Nxf8 21. Nf3 Ng6 22. Ne5 Nxe5 23. Qxe5 Ra8 24. Rd3 Qe7 25. g4 f6 26. Qg3 e5 27. g5 e4 28. Rdd1 Bc8 29. Qf4 h5 30. Rhg1 fxg5 31. Rxg5 Bg4 32. Re5 Qd7 33. Qg5 Rg8 34. Rg1 Qf7 35. Rxd5 g6 36. Rxg4 hxg4 37. h5 gxh5 38. Qxh5+ Qxh5 39. Rxh5+ Kg6 40. Re5 1-0

[Event "Jababeka (Women)"]
[Site "Jakarta"]
[Date "2005.10.25"]
[Round "7"]
[White "Vidawati, Sri"]
[Black "Tamin, Upi Darmayana"]
[Result "1-0"]
[WhiteElo "2122"]
[BlackElo "2219"]
[PlyCount "97"]
[EventDate "2005.10.21"]
[EventType "tourn"]
[EventRounds "11"]
[EventCountry "INA"]
[SourceTitle "EXT 2006"]
[Source "ChessBase"]
[SourceDate "2005.11.24"]
[SourceVersion "1"]
[SourceVersionDate "2005.11.24"]
[SourceQuality "1"]

1. Nf3 Nf6 2. g3 g6 3. Bg2 Bg7 4. c4 0-0 5. 0-0 d6 6. Nc3 c6 7. Rb1 e5 8. d3 Ne8 9. Bd2 f5 10. b4 Qc7 11. a4 h6 12. b5 Nd7 13. Ne1 Nc5 14. Nc2 Bd7 15. Nb4 Nf6 16. Qc2 Rf7 17. e3 Raf8 18. d4 Nce4 19. bxc6 bxc6 20. d5 c5 21. Na6 Qa5 22. Nxe4 Qxa6 23. Nxf6+ Bxf6 24. a5 Bg7 25. Rfc1 g5 26. Qb3 Kh7 27. Qb7 Bc8 28. Qxa6 Bxa6 29. Bf1 Kg6 30. Rb3 Rb7 31. Rxb7 Bxb7 32. Rb1 Ba6 33. Kg2 Kf6 34. f4 Ke7 35. Bc3 Bh8 36. fxe5 dxe5 37. Bd2 Kd6 38. Be2 e4 39. Bc1 Be5 40. Bb2 f4 41. Bxe5+ Kxe5 42. gxf4+ gxf4 43. exf4+ Rxf4 44. Rf1 Rxf1 45. Kxf1 Kf4 46. Ke1 Bc8 47. Bh5 Ke3 48. d6 Bb7 49. Bg4 1-0

[Event "Jababeka (Women)"]
[Site "Jakarta"]
[Date "2005.10.24"]
[Round "6"]
[White "Tamin, Upi Darmayana"]
[Black "Roslina, Marmono"]
[Result "1-0"]
[WhiteElo "2219"]
[BlackElo "2016"]
[PlyCount "161"]
[EventDate "2005.10.21"]
[EventType "tourn"]
[EventRounds "11"]
[EventCountry "INA"]
[SourceTitle "EXT 2006"]
[Source "ChessBase"]
[SourceDate "2005.11.24"]
[SourceVersion "1"]
[SourceVersionDate "2005.11.24"]
[SourceQuality "1"]

1. e4 e6 2. d4 d5 3. Nc3 dxe4 4. Nxe4 Nf6 5. Ng3 c5 6. Be3 Qb6 7. b3 Nc6 8. c3 cxd4 9. Bxd4 Nxd4 10. Qxd4 Bc5 11. Qd2 0-0 12. b4 Be7 13. Bd3 Nd5 14. N1e2 a5 15. bxa5 Rxa5 16. 0-0 h6 17. Rab1 Qa7 18. Rb2 Bg5 19. Qc2 Nf4 20. Nxf4 Bxf4 21. Ne2 Bd6 22. Be4 b6 23. Rfb1 Bc5 24. Nd4 Qc7 25. Nb3 Ra7 26. Nxc5 bxc5 27. Rb8 Rd8 28. h3 Qa5 29. R1b2 Rad7 30. Bf3 Ba6 31. Bc6 Rd6 32. Bf3 Bc4 33. Rxd8+ Rxd8 34. a4 Bd5 35. Be2 c4 36. Rb4 Qc5 37. Qa2 Rc8 38. a5 g6 39. a6 Qc6 40. Bf1 Ra8 41. a7 Qc7 42. Ra4 Qb7 43. Qa3 Kg7 44. Qc5 Qb3 45. Qd4+ f6 46. Rb4 Qa2 47. Bxc4 Qa1+ 48. Kh2 Rxa7 49. Bxd5 exd5 50. Rb6 Rf7 51. Rd6 Qa7 52. Qxa7 Rxa7 53. Rxd5 Rc7 54. Rd3 f5 55. Kg3 g5 56. Kf3 Kf6 57. Ke3 Ke5 58. g3 f4+ 59. gxf4+ gxf4+ 60. Kd2 Rc6 61. Rd4 Rg6 62. Kd3 Rg2 63. Re4+ Kf5 64. Re2 Rh2 65. c4 Rxh3+ 66. Kd4 Rh1 67. c5 Rd1+ 68. Kc4 Rc1+ 69. Kd5 Rd1+ 70. Kc4 Rc1+ 71. Kb5 Rb1+ 72. Ka6 Ra1+ 73. Kb7 Rb1+ 74. Kc7 f3 75. Rc2 Re1 76. Rc3 Kf4 77. c6 Re2 78. Kd7 Rxf2 79. c7 Rd2+ 80. Ke7 f2 81. c8Q 1-0

[Event "Jababeka (Women)"]
[Site "Jakarta"]
[Date "2005.10.22"]
[Round "2"]
[White "Lindiawati, Evi"]
[Black "Tamin, Upi Darmayana"]
[Result "1/2-1/2"]
[WhiteElo "2091"]
[BlackElo "2219"]
[PlyCount "21"]
[EventDate "2005.10.21"]
[EventType "tourn"]
[EventRounds "11"]
[EventCountry "INA"]
[SourceTitle "EXT 2006"]
[Source "ChessBase"]
[SourceDate "2005.11.24"]
[SourceVersion "1"]
[SourceVersionDate "2005.11.24"]
[SourceQuality "1"]

1. e4 e5 2. Nf3 Nf6 3. Nxe5 d6 4. Nf3 Nxe4 5. d4 d5 6. Bd3 Bd6 7. 0-0 0-0 8. c4 c6 9. Nc3 Nxc3 10. bxc3 Bg4 11. h3 1/2-1/2

[Event "Jababeka (Women)"]
[Site "Jakarta"]
[Date "2005.10.22"]
[Round "3"]
[White "Tamin, Upi Darmayana"]
[Black "Hui, Sau Mun Dawn"]
[Result "1-0"]
[WhiteElo "2219"]
[BlackElo "2005"]
[PlyCount "85"]
[EventDate "2005.10.21"]
[EventType "tourn"]
[EventRounds "11"]
[EventCountry "INA"]
[SourceTitle "EXT 2006"]
[Source "ChessBase"]
[SourceDate "2005.11.24"]
[SourceVersion "1"]
[SourceVersionDate "2005.11.24"]
[SourceQuality "1"]

1. e4 e5 2. Nf3 Nc6 3. Bb5 Nge7 4. c3 d5 5. Qe2 a6 6. exd5 Qxd5 7. Bc4 Qd6 8. d4 exd4 9. Ng5 d3 10. Bxf7+ Kd8 11. Ne6+ Bxe6 12. Qxe6 Qxe6+ 13. Bxe6 Ne5 14. 0-0 N7g6 15. Bg5+ Be7 16. Be3 Ke8 17. f4 Nc6 18. Rd1 Rd8 19. Bc4 Na5 20. Bxd3 Nc4 21. Bc1 Nxf4 22. Bxf4 Nxb2 23. Bg6+ hxg6 24. Rxd8+ Kxd8 25. Nd2 Bc5+ 26. Kh1 Nd3 27. Bg5+ Kc8 28. Ne4 Nf2+ 29. Nxf2 Bxf2 30. Bf4 Re8 31. g3 Re2 32. Kg2 Be3+ 33. Kf3 Rxh2 34. Bxe3 Rh5 35. Bd4 Rf5+ 36. Kg4 Kd7 37. Bxg7 Kc6 38. Re1 Kb5 39. Re5+ Rxe5 40. Bxe5 Ka4 41. Bxc7 Ka3 42. Kg5 Kxa2 43. Kxg6 1-0

[Event "Olympiad Women-34"]
[Site "Istanbul"]
[Date "2000.11.08"]
[Round "11.1"]
[White "Tamin, Upi Darmayana"]
[Black "Zsiltzova Lisenko, Lubov"]
[Result "1/2-1/2"]
[WhiteElo "2240"]
[BlackElo "2273"]
[PlyCount "103"]
[EventDate "2000.10.28"]
[EventType "team-swiss"]
[EventRounds "14"]
[EventCountry "TUR"]
[SourceTitle "EXT 2001"]
[Source "ChessBase"]
[SourceDate "2000.11.22"]
[SourceVersion "1"]
[SourceVersionDate "2000.11.22"]
[SourceQuality "1"]
[WhiteTeam "Indonesia (W)"]
[BlackTeam "IBCA (W)"]
[WhiteTeamCountry "INA"]

1. e4 c5 2. Nf3 d6 3. d4 cxd4 4. Nxd4 Nf6 5. Nc3 a6 6. a4 e5 7. Nb3 Be6 8. Bg5 Be7 9. Be2 h6 10. Bxf6 Bxf6 11. 0-0 0-0 12. Nd5 Bxd5 13. Qxd5 Nc6 14. Rad1 Be7 15. c3 Qc7 16. Nd2 Rad8 17. Nc4 Bg5 18. a5 Ne7 19. Qd3 d5 20. Nb6 d4 21. cxd4 Rxd4 22. Qc3 Qxc3 23. bxc3 Rd2 24. Bc4 Nc6 25. Bd5 Rxd1 26. Rxd1 Nxa5 27. Nd7 Re8 28. Rb1 Bd2 29. Nc5 Bxc3 30. Nxb7 Rb8 31. Bxf7+ Kf8 32. Bd5 Bd4 33. Kf1 Nxb7 34. Rxb7 Rxb7 35. Bxb7 a5 36. Ke2 Ke7 37. g3 Kd6 38. f4 Kc5 39. Kf3 a4 40. Kg4 Bg1 41. h4 Kd4 42. h5 Bf2 43. Kf3 Be1 44. Kg4 Bf2 45. Kf3 Bg1 46. Kg4 Be3 47. Kf5 exf4 48. gxf4 Kc5 49. Bd5 Kd6 50. Ba2 a3 51. Kg6 Bxf4 52. Kxg7 1/2-1/2

[Event "Olympiad Women-34"]
[Site "Istanbul"]
[Date "2000.11.02"]
[Round "6.1"]
[White "Tamin, Upi Darmayana"]
[Black "Geldyeva, Mekhri"]
[Result "1/2-1/2"]
[WhiteElo "2240"]
[BlackElo "2283"]
[PlyCount "154"]
[EventDate "2000.10.28"]
[EventType "team-swiss"]
[EventRounds "14"]
[EventCountry "TUR"]
[SourceTitle "EXT 2001"]
[Source "ChessBase"]
[SourceDate "2000.11.22"]
[SourceVersion "1"]
[SourceVersionDate "2000.11.22"]
[SourceQuality "1"]
[WhiteTeam "Indonesia (W)"]
[BlackTeam "Turkmenistan (W)"]
[WhiteTeamCountry "INA"]
[BlackTeamCountry "TKM"]

1. e4 d6 2. d4 Nf6 3. Nc3 g6 4. f3 Bg7 5. Be3 c6 6. Qd2 0-0 7. Bh6 Bxh6 8. Qxh6 Qb6 9. 0-0-0 Qa5 10. g4 b5 11. Nh3 b4 12. Nb1 Nbd7 13. Ng5 Re8 14. h4 Nf8 15. h5 e5 16. Bc4 d5 17. Bd3 Qc7 18. dxe5 Qxe5 19. Nd2 a5 20. hxg6 fxg6 21. exd5 cxd5 22. Bxg6 Re7 23. Bf5 a4 24. f4 Qd4 25. Ngf3 Qb6 26. g5 Bxf5 27. gxf6 Rc7 28. Qg5+ Bg6 29. Qxd5+ Qe6 30. f7+ Qxf7 31. Qxf7+ Bxf7 32. Rdg1+ Kh8 33. b3 axb3 34. axb3 Ra2 35. Nd4 Ne6 36. N2f3 Nxf4 37. Kd2 Bd5 38. Rh4 Ne6 39. Rhg4 Nc5 40. Ke3 Re7+ 41. Kf4 Ra8 42. Re1 Rf8+ 43. Kg3 Rxe1 44. Nxe1 Ne4+ 45. Kh2 Rf6 46. Nd3 Nf2 47. Nxf2 Rxf2+ 48. Kg3 Rg2+ 49. Kf4 Rxg4+ 50. Kxg4 Kg7 51. Kf4 Kf6 52. Nb5 Bc6 53. Nd4 Bb7 54. Ne2 Bd5 55. Nc1 Ke6 56. Nd3 Kd6 57. Nxb4 Bg2 58. Nd3 h5 59. Ne1 Bd5 60. Nd3 Bg2 61. Kg5 Bf3 62. c3 Bd1 63. b4 Kd5 64. Nb2 Be2 65. Kh4 Ke4 66. Kg3 Ba6 67. Kh4 Be2 68. Kg3 Ba6 69. Kh4 Be2 70. Na4 Kd5 71. Nb2 Ke4 72. Kh3 Ke3 73. Kg3 Ba6 74. Kh4 Be2 75. c4 Kd4 76. b5 Kc5 77. Kg5 Bxc4 1/2-1/2

[Event "Asia-ch (Women)"]
[Site "Genting Highlands"]
[Date "1998.??.??"]
[Round "?"]
[White "Lee, Soi Hock"]
[Black "Tamin, Upi Darmayana"]
[Result "0-1"]
[WhiteElo "2210"]
[BlackElo "2250"]
[PlyCount "122"]
[EventDate "1998.04.??"]
[EventType "swiss"]
[EventRounds "11"]
[EventCountry "MAS"]
[SourceTitle "EXT 1999"]
[Source "ChessBase"]
[SourceDate "1998.11.16"]
[SourceVersion "1"]
[SourceVersionDate "1998.11.16"]
[SourceQuality "1"]

1. e4 c5 2. Nf3 d6 3. d4 cxd4 4. Nxd4 Nf6 5. Nc3 a6 6. Be2 e6 7. Be3 Be7 8. 0-0 0-0 9. Kh1 Nc6 10. f4 Bd7 11. Bd3 Qc7 12. Qf3 Nxd4 13. Bxd4 g6 14. h3 b5 15. a3 Bc6 16. Qe2 Qb7 17. Bxf6 Bxf6 18. e5 Be7 19. exd6 Bxd6 20. Be4 Rac8 21. Bxc6 Rxc6 22. Ne4 Be7 23. c3 a5 24. Rad1 b4 25. axb4 axb4 26. c4 b3 27. Rf3 Qc7 28. Rc1 Rc8 29. Nd2 Bb4 30. Rxb3 Bxd2 31. Qxd2 Rxc4 32. Rbc3 Rxc3 33. Qxc3 Qxc3 34. Rxc3 Rb8 35. b3 h5 36. Kg1 Rb4 37. Rf3 h4 38. Kf2 Re4 39. g3 hxg3+ 40. Kxg3 Kf8 41. Rd3 Ke7 42. Kf3 Re1 43. Kf2 Rh1 44. Kg2 Rb1 45. Kf2 Kf6 46. Re3 Kf5 47. Kg2 Kxf4 48. Rf3+ Ke5 49. Rxf7 Rxb3 50. h4 Ra3 51. Rf2 Re3 52. Rf7 Re2+ 53. Kg3 Re1 54. Rf3 Rh1 55. Re3+ Kd5 56. Kg4 e5 57. Rd3+ Ke4 58. Ra3 Rg1+ 59. Kh3 Kf4 60. Kh2 Rd1 61. Rg3 Rh1+ 0-1

[Event "Asia-ch (Women)"]
[Site "Genting Highlands"]
[Date "1998.??.??"]
[Round "?"]
[White "Tamin, Upi Darmayana"]
[Black "Le, Thi Phuong Lien"]
[Result "1-0"]
[WhiteElo "2250"]
[BlackElo "2125"]
[PlyCount "117"]
[EventDate "1998.04.??"]
[EventType "swiss"]
[EventRounds "11"]
[EventCountry "MAS"]
[SourceTitle "EXT 1999"]
[Source "ChessBase"]
[SourceDate "1998.11.16"]
[SourceVersion "1"]
[SourceVersionDate "1998.11.16"]
[SourceQuality "1"]

1. e4 d5 2. exd5 Nf6 3. d4 Bg4 4. Be2 Bxe2 5. Nxe2 Nxd5 6. 0-0 e6 7. c4 Nb6 8. b3 Be7 9. Nd2 0-0 10. Bb2 N8d7 11. Nf4 c5 12. Ne4 cxd4 13. Qxd4 Nf6 14. Qc3 Qb8 15. Qg3 Nbd7 16. Rad1 g6 17. Rfe1 Rd8 18. Nxf6+ Bxf6 19. Bc1 Bg7 20. h4 Nc5 21. h5 Rxd1 22. Rxd1 Ne4 23. Qe3 Nc3 24. Rd3 Qe5 25. hxg6 hxg6 26. a4 g5 27. Nh5 Ne2+ 28. Kf1 Nxc1 29. Qxc1 Qe4 30. Qe3 Qxe3 31. Rxe3 Rd8 32. Ke2 Bb2 33. Ng3 Bd4 34. Rd3 f5 35. f3 Kf7 36. Nf1 f4 37. Nd2 e5 38. Ne4 Ke7 39. Nf2 Rg8 40. Rd1 Bxf2 41. Kxf2 g4 42. Rh1 g3+ 43. Ke2 Kd6 44. Kd3 Re8 45. Ke4 b6 46. Rd1+ Kc5 47. Rd5+ Kb4 48. Rb5+ Kc3 49. a5 bxa5 50. Rxa5 Kxb3 51. c5 Kb4 52. Rxa7 Kxc5 53. Ra5+ Kc4 54. Rxe5 Rg8 55. Kxf4 Kd4 56. Rg5 Rxg5 57. Kxg5 Ke3 58. Kg4 Kf2 59. Kh3 1-0

[Event "Asia-ch (Women)"]
[Site "Genting Highlands"]
[Date "1998.??.??"]
[Round "?"]
[White "Tamin, Upi Darmayana"]
[Black "Ovezova, Maisa"]
[Result "1-0"]
[WhiteElo "2250"]
[BlackElo "2300"]
[PlyCount "35"]
[EventDate "1998.04.??"]
[EventType "swiss"]
[EventRounds "11"]
[EventCountry "MAS"]
[SourceTitle "EXT 1999"]
[Source "ChessBase"]
[SourceDate "1998.11.16"]
[SourceVersion "1"]
[SourceVersionDate "1998.11.16"]
[SourceQuality "1"]

1. e4 c6 2. d4 d5 3. Nc3 dxe4 4. Nxe4 Bf5 5. Ng3 Bg6 6. Nf3 e6 7. h4 h6 8. h5 Bh7 9. Bd3 Bxd3 10. Qxd3 Nf6 11. Bd2 Bd6 12. c4 Nbd7 13. 0-0-0 Rc8 14. Kb1 a6 15. Rhe1 Bxg3 16. fxg3 b5 17. Bb4 a5 18. Rxe6+ 1-0

[Event "Asia-ch (Women)"]
[Site "Genting Highlands"]
[Date "1998.??.??"]
[Round "?"]
[White "Tamin, Upi Darmayana"]
[Black "Repkova, Eva"]
[Result "0-1"]
[WhiteElo "2250"]
[BlackElo "2300"]
[PlyCount "78"]
[EventDate "1998.04.??"]
[EventType "swiss"]
[EventRounds "11"]
[EventCountry "MAS"]
[SourceTitle "EXT 1999"]
[Source "ChessBase"]
[SourceDate "1998.11.16"]
[SourceVersion "1"]
[SourceVersionDate "1998.11.16"]
[SourceQuality "1"]

1. e4 e6 2. d4 d5 3. Nc3 Nf6 4. e5 Ne4 5. Nxe4 dxe4 6. Be3 c5 7. dxc5 Nd7 8. Qg4 Nxc5 9. Bb5+ Nd7 10. Ne2 Qa5+ 11. Nc3 a6 12. Bxd7+ Bxd7 13. Bd4 0-0-0 14. 0-0 Bc6 15. Rfd1 Bc5 16. Bxc5 Qxc5 17. Nxe4 Qxe5 18. Nc3 h5 19. Qh3 g5 20. a4 h4 21. b4 g4 22. Qe3 Qxe3 23. fxe3 h3 24. g3 Bf3 25. Rd3 Rxd3 26. cxd3 Rd8 27. d4 e5 28. Rc1 Kd7 29. Nb1 Ke6 30. Nd2 Bg2 31. Nb3 Kf5 32. dxe5 Rd3 33. e4+ Kxe5 34. Na5 Bxe4 35. Nc4+ Kd4 36. Nd6 f5 37. Rf1 Ke5 38. Nf7+ Kf6 39. Nh6 Kg6 0-1

[Event "World Cities"]
[Site "Jakarta "]
[Date "1997.??.??"]
[Round "5"]
[White "Hitzgerova, Gabriela"]
[Black "Tamin, Upi Darmayana"]
[Result "1-0"]
[WhiteElo "2195"]
[BlackElo "2210"]
[PlyCount "85"]
[EventDate "1997.07.08"]
[EventType "swiss"]
[EventRounds "10"]
[EventCountry "INA"]
[SourceTitle "CBM 058 Extra"]
[Source "ChessBase"]
[SourceDate "1997.07.29"]
[SourceVersion "1"]
[SourceVersionDate "1997.07.29"]
[SourceQuality "1"]

1. e4 c5 2. Nf3 d6 3. d4 cxd4 4. Nxd4 Nf6 5. Nc3 a6 6. Bg5 e6 7. Qd2 Be7 8. Be2 b5 9. f3 b4 10. Nd1 Qa5 11. Be3 d5 12. e5 Nfd7 13. f4 Nc5 14. Nf2 0-0 15. 0-0 Ne4 16. Nxe4 dxe4 17. a3 Re8 18. Qe1 Qb6 19. axb4 Bxb4 20. c3 Bf8 21. Qc1 Nc6 22. Nxc6 Qxc6 23. b4 Bb7 24. Qb2 Rad8 25. Rfd1 g6 26. Rxd8 Rxd8 27. Rd1 Rc8 28. c4 Qa4 29. Rb1 a5 30. b5 Rxc4 31. Bxc4 Qxc4 32. Qd4 Qe2 33. Qd2 Qc4 34. Qd4 Qa2 35. Rc1 a4 36. h3 a3 37. Kh2 Qb3 38. Rc7 Bd5 39. Rc8 Kg7 40. f5 gxf5 41. Qd2 Kg6 42. Rxf8 Qd3 43. Rg8+ 1-0